000 01074nac a22002531u 4500
010 _a98018004
020 _a0262201135 (alk. paper)
035 _a(DLC) 98018004
082 0 0 _a363.70526
_bT648
090 _c1430
_d1430
100 _aTolba, Mostafa Kamal.
245 1 0 _aGlobal environmental diplomacy :
_bnegotiating environmental agreements for the World, 1973-1992 /
_cMostafa K. Tolba with Iwona Rummel-Bulska.
260 _aCambridge, Mass. :
_bMIT Press,1998
_cc1998.
300 _axii, 212 p. ;
_c24 cm.
490 1 _aGlobal environmental accord
504 _aIncludes bibliographical references (p. [187]-203) and index.
610 2 0 _aUnited Nations Environment Programme
_xHistory.
650 0 _aEnvironmental policy
_xInternational cooperation
_xHistory.
650 0 _aEnvironmental law
_xHistory.
700 2 _aRummel-Bulska, Iwona.
830 0 _aGlobal environmental accords.
942 _cBB
_k363.70526T648
999 _c1430
_d1430